000 00537nam a2200193Ia 4500
008 191130s1998##################000#0#eng##
020 _a9788171821310
040 _aACL
_cACL
082 _a641.5 KAU
100 _aKaul, Tahlina
245 _aIndian microwave cookbook
_cTahlina Kaul
260 _aNew Delhi
_bFusion Books
_c[1998]
300 _a128 p. : col. ill. ; 22 cm
650 _aCooking, Indic
650 _aMicrowave cooking
990 _a93473f07ac10000c4187a17d75cdcef5
991 _a103058
999 _c213877
_d213877